000
00305 a2200145 4500
001
194762
040
_c
Magnum
100
_a
Heck, Lenira Almeida
240
1
0
_a
O ratinho Rói-Rói
_l
por
245
1
0
_a
O ratinho Rói-Rói
300
_a
23
362
0
_a
2010
697
_a
LITERATURA GERAL
942
_c
BK
999
_c
194762
_d
194762